000 00310nam a22001217a 4500
008 180420b xxu||||| |||| 00| 0 eng d
041 _aeng
080 _a043.3
100 _a0
101 _aMEK-BTH
245 _aKrahasimi i sistemit të thjeshtë me atë no-frost tek frigoriferët
_cLuma,V
942 _2udc
_cBK
999 _c45331
_d45331